[Event "11th EUR-ch"]
[Site "Rijeka CRO"]
[Date "2010.03.12"]
[Round "7"]
[White "Ramesa, Davor"]
[Black "Djukic, Nikola"]
[Result "1/2-1/2"]
[WhiteElo "2339"]
[BlackElo "2509"]
[EventDate "2010.03.06"]
[PlyCount "150"]

1.Nf3 Nf6 2.c4 g6 3.Nc3 Bg7 4.e4 d6 5.d4 O-O 6.Be2 e5 7.Be3 Ng4 8.Bg5 f6 
9.Bh4 g5 10.Bg3 Nh6 11.dxe5 dxe5 12.Qd5+ Kh8 13.O-O-O Qe7 14.Qa5 Qf7 15.
Nd5 b6 16.Qa3 Na6 17.Nd2 Nc5 18.h4 g4 19.f3 gxf3 20.gxf3 Rg8 21.Qe3 c6 22.
Nb4 f5 23.Qc3 Qe8 24.Rhg1 f4 25.Bf2 Ne6 26.c5 b5 27.Nd3 Nd4 28.Bxd4 exd4 
29.Qa5 Nf5 30.exf5 Qxe2 31.f6 Bxf6 32.Rxg8+ Kxg8 33.Rg1+ Kh8 34.Re1 Qxd3 
35.Re8+ Kg7 36.Qc7+ Kh6 37.Qxf4+ Kg6 38.Qg3+ Kh5 39.Rxc8 Rxc8 40.Qg4+ Kh6 
41.Qxc8 Qg6 42.Ne4 Be5 43.Qg4 a5 44.Kd2 Kg7 45.h5 Qxg4 46.fxg4 Kf7 47.Kd3 
h6 48.g5 Kg7 49.b3 hxg5 50.Nxg5 Kf6 51.Nf3 Ke6 52.Nxd4+ Kd5 53.Nf5 Bf6 54.
Ng3 Be5 55.Nf5 Kxc5 56.Ke4 Bf6 57.h6 Kb4 58.Ng7 c5 59.Kf5 c4 60.bxc4 bxc4 
61.Kxf6 c3 62.h7 c2 63.h8=Q c1=Q 64.Qb8+ Kc3 65.Qb3+ Kd2 66.Qd5+ Kc2 67.
Qxa5 Qb2+ 68.Kg6 Qc3 69.Qa7 Kb2 70.a4 Ka3 71.a5 Ka4 72.a6 Ka5 73.Ne6 Qd3+ 
74.Kg7 Qxa6 75.Qxa6+ Kxa6 1/2-1/2

[Event "11th EUR-ch"]
[Site "Rijeka CRO"]
[Date "2010.03.12"]
[Round "7"]
[White "Goganov, Alexei"]
[Black "Szamoskozi, Gabor"]
[Result "1-0"]
[WhiteElo "2492"]
[BlackElo "2347"]
[EventDate "2010.03.06"]
[PlyCount "51"]

1.d4 Nf6 2.Nf3 c5 3.d5 e6 4.c4 exd5 5.cxd5 d6 6.Nc3 g6 7.e4 Bg7 8.h3 O-O 
9.Bd3 b5 10.Nxb5 Nxe4 11.O-O a6 12.Na3 Nf6 13.Nc4 Bb7 14.Bf4 Nxd5 15.Bxd6 
Re8 16.Bxc5 Nf4 17.Nd6 Nxd3 18.Qxd3 Rf8 19.Rad1 Bc6 20.Ba3 Ra7 21.Rfe1 Rd7
22.Ne5 Qg5 23.Nxc6 Nxc6 24.Qe4 Nd8 25.Qa4 Ra7 26.Ne4 1-0

[Event "11th EUR-ch"]
[Site "Rijeka CRO"]
[Date "2010.03.12"]
[Round "7"]
[White "Wittmann, Walter"]
[Black "Boros, Denes"]
[Result "1/2-1/2"]
[WhiteElo "2302"]
[BlackElo "2485"]
[EventDate "2010.03.06"]
[PlyCount "72"]

1.e4 d5 2.exd5 Qxd5 3.Nf3 Nf6 4.d4 g6 5.Be2 Bg7 6.O-O O-O 7.c4 Qd6 8.h3 
Bf5 9.Nc3 Ne4 10.Qb3 Nc6 11.Nb5 Qd7 12.d5 Na5 13.Qa3 b6 14.Nfd4 a6 15.Nxf5
gxf5 16.Nc3 Qd6 17.Qa4 Nxc3 18.bxc3 Bxc3 19.Rb1 Qf6 20.Bf3 Rad8 21.Bf4 Bd4
22.Rfd1 Bc5 23.Bxc7 Rc8 24.d6 exd6 25.Bxb6 Bxb6 26.Rxb6 Nxc4 27.Rxa6 Nb2 
28.Qd4 Qxd4 29.Rxd4 Nc4 30.Bd5 Ne5 31.Bb3 Rc1+ 32.Kh2 Rf1 33.Rf4 Nd3 34.
Rxf5 Rxf2 35.Rxf2 Nxf2 36.Rxd6 Ne4 1/2-1/2

[Event "11th EUR-ch"]
[Site "Rijeka CRO"]
[Date "2010.03.12"]
[Round "7"]
[White "Berbatov, Kiprian"]
[Black "Sandalakis, Angelos"]
[Result "1-0"]
[WhiteElo "2481"]
[BlackElo "2319"]
[EventDate "2010.03.06"]
[PlyCount "89"]

1.e4 e5 2.Nf3 Nc6 3.Bb5 a6 4.Ba4 Nf6 5.O-O b5 6.Bb3 Bc5 7.a4 Rb8 8.c3 d6 
9.d4 Bb6 10.axb5 axb5 11.Na3 O-O 12.Nxb5 Bg4 13.Bc2 exd4 14.Nbxd4 Nxd4 15.
cxd4 Bxf3 16.gxf3 Nh5 17.Kh1 Qf6 18.Be3 Nf4 19.Rg1 Ne6 20.Ra4 c5 21.d5 Nd4
22.f4 Nxc2 23.Qxc2 Ra8 24.Rxa8 Rxa8 25.b4 Rc8 26.bxc5 Bxc5 27.e5 Qd8 28.
Rc1 Rc7 29.Qa4 Ra7 30.Qc6 Bxe3 31.fxe3 dxe5 32.fxe5 g6 33.Qc8 Ra8 34.Qxd8+
Rxd8 35.e4 Kf8 36.Kg2 Re8 37.d6 Ra8 38.Kf3 Ke8 39.Kf4 h6 40.e6 fxe6 41.Ke5
Ra4 42.Rc8+ Kd7 43.Rc7+ Kd8 44.Rg7 g5 45.Rh7 1-0

[Event "11th EUR-ch"]
[Site "Rijeka CRO"]
[Date "2010.03.12"]
[Round "7"]
[White "Ortega, Lexy"]
[Black "Medancic, Rikard"]
[Result "1/2-1/2"]
[WhiteElo "2479"]
[BlackElo "2311"]
[EventDate "2010.03.06"]
[PlyCount "70"]

1.d4 d5 2.c4 c6 3.Nf3 Nf6 4.Nc3 dxc4 5.a4 Bf5 6.Nh4 Bc8 7.e3 g6 8.Bxc4 Bg7
9.Nf3 O-O 10.h3 b6 11.Qe2 a5 12.O-O Nd5 13.e4 Nb4 14.Rd1 Ba6 15.Bxa6 N8xa6
16.Be3 e6 17.h4 h6 18.g3 Kh7 19.Kg2 Rb8 20.Rh1 Qe7 21.e5 c5 22.Ne4 Qb7 23.
Bg5 h5 24.g4 cxd4 25.gxh5 Nc5 26.Nf6+ Bxf6 27.Bxf6 Qe4 28.hxg6+ Kxg6 29.
Kf1 Qxe2+ 30.Kxe2 d3+ 31.Ke3 Nd5+ 32.Kd2 Nxf6 33.Rag1+ Kh6 34.exf6 Ne4+ 
35.Ke1 Nxf6 1/2-1/2

[Event "11th EUR-ch"]
[Site "Rijeka CRO"]
[Date "2010.03.12"]
[Round "7"]
[White "Voiteanu, Gabriel"]
[Black "Carlsson, Pontus"]
[Result "0-1"]
[WhiteElo "2254"]
[BlackElo "2478"]
[EventDate "2010.03.06"]
[PlyCount "88"]

1.d4 Nf6 2.c4 e6 3.Nf3 b6 4.a3 Ba6 5.Qc2 Bb7 6.Nc3 c5 7.e4 cxd4 8.Nxd4 Bc5
9.Nb3 Nc6 10.Bf4 O-O 11.Nxc5 bxc5 12.Bd6 Nd4 13.Qd3 Re8 14.b4 e5 15.Rb1 
Rc8 16.f3 cxb4 17.axb4 a5 18.b5 Re6 19.Ba3 Rxc4 20.Qd2 Rc8 21.Bd3 d5 22.
exd5 Nxd5 23.Nxd5 Qxd5 24.Be4 Qd7 25.Bf5 Bxf3 26.Bxe6 fxe6 27.Rb2 Bxg2 28.
Qxg2 Rc1+ 29.Kf2 Qf7+ 30.Ke3 Qf4+ 31.Kd3 Qf5+ 32.Qe4 Rc3+ 33.Kxc3 Qxe4 34.
Rf1 Qe3+ 35.Kc4 Qxa3 36.Rbf2 Qb3+ 37.Kc5 Qxb5+ 38.Kd6 Qd5+ 39.Ke7 Qc5+ 40.
Kd7 Qc6+ 41.Kd8 Qd6+ 42.Ke8 Nf5 43.Rxf5 exf5 44.Rg1 Qe6+ 0-1

[Event "11th EUR-ch"]
[Site "Rijeka CRO"]
[Date "2010.03.12"]
[Round "7"]
[White "Brunello, Sabino"]
[Black "Kunze, Carlo"]
[Result "1-0"]
[WhiteElo "2476"]
[BlackElo "2306"]
[EventDate "2010.03.06"]
[PlyCount "69"]

1.d4 Nf6 2.Bg5 d6 3.Bxf6 exf6 4.g3 c6 5.e3 g6 6.Bg2 Bg7 7.Ne2 O-O 8.O-O 
Na6 9.c4 Qe7 10.Nbc3 f5 11.Rb1 Nc7 12.b4 a6 13.a4 Be6 14.Qd3 Rfd8 15.Nf4 
Bd7 16.Rfc1 Be8 17.Qc2 Ne6 18.Nfe2 Rac8 19.Qa2 Ng5 20.b5 axb5 21.cxb5 Ne4 
22.bxc6 bxc6 23.Nxe4 fxe4 24.Nc3 d5 25.Bf1 Qa7 26.a5 c5 27.Nxd5 cxd4 28.
Rxc8 Rxc8 29.a6 Bc6 30.Rc1 Bf8 31.Qa5 Qb8 32.a7 Qd6 33.exd4 e3 34.Nxe3 Rd8
35.Rxc6 1-0

[Event "11th EUR-ch"]
[Site "Rijeka CRO"]
[Date "2010.03.12"]
[Round "7"]
[White "Shytaj, Luca"]
[Black "Nedochetov, Mikhail"]
[Result "1-0"]
[WhiteElo "2472"]
[BlackElo "2299"]
[EventDate "2010.03.06"]
[PlyCount "101"]

1.e4 c6 2.d4 d5 3.Nc3 dxe4 4.Nxe4 Bf5 5.Ng3 Bg6 6.h4 h6 7.Nf3 Nd7 8.h5 Bh7
9.Bd3 Bxd3 10.Qxd3 Qc7 11.Bd2 Ngf6 12.O-O-O e6 13.Ne4 O-O-O 14.g3 Nxe4 15.
Qxe4 Bd6 16.c4 Nf6 17.Qe2 c5 18.Kb1 Qc6 19.Rhe1 a6 20.Ne5 Qc7 21.Nd3 Rhe8 
22.dxc5 Bxc5 23.Bf4 Bd6 24.Ne5 Bxe5 25.Bxe5 Qc6 26.g4 Qg2 27.Rxd8+ Rxd8 
28.f3 Qxe2 29.Rxe2 Rd1+ 30.Kc2 Rf1 31.Re3 Ne8 32.Bc3 Rf2+ 33.Kb3 Rf1 34.
Kb4 Kc7 35.a4 Rd1 36.a5 Kd7 37.Kc5 Rd6 38.Be5 Rc6+ 39.Kb4 f6 40.Rd3+ Ke7 
41.Bd4 e5 42.Bc5+ Ke6 43.Rd8 Nc7 44.Rb8 b5 45.cxb5 axb5 46.Rxb5 Nxb5 47.
Kxb5 Kd7 48.a6 Rc8 49.a7 Kc7 50.Ka6 Re8 51.Bb6+ 1-0

[Event "11th EUR-ch"]
[Site "Rijeka CRO"]
[Date "2010.03.12"]
[Round "7"]
[White "Yilmaz, Mustafa"]
[Black "Katzir, Moshe"]
[Result "1-0"]
[WhiteElo "2468"]
[BlackElo "2288"]
[EventDate "2010.03.06"]
[PlyCount "71"]

1.e4 c5 2.Nf3 e6 3.d4 cxd4 4.Nxd4 Nc6 5.Nc3 Qc7 6.g3 a6 7.Bg2 Nf6 8.O-O 
Be7 9.Re1 O-O 10.Nxc6 dxc6 11.e5 Rd8 12.Qe2 Nd5 13.h4 Nxc3 14.bxc3 Qa5 15.
Bd2 Rb8 16.a4 c5 17.Be4 c4 18.Red1 b5 19.axb5 Qxb5 20.Bg5 Rxd1+ 21.Rxd1 
Bf8 22.Qh5 g6 23.Qf3 Bd7 24.h5 Be8 25.hxg6 fxg6 26.Bf6 a5 27.Qg4 Bf7 28.
Kg2 a4 29.Rh1 a3 30.Qh4 h6 31.Qf4 h5 32.Rxh5 Bg7 33.Bxg7 gxh5 34.Qh6 Bg6 
35.Qxg6 Qe8 36.Qh7+ 1-0

[Event "11th EUR-ch"]
[Site "Rijeka CRO"]
[Date "2010.03.12"]
[Round "7"]
[White "Baumegger, Siegfried"]
[Black "Fucak, Emilijo"]
[Result "1/2-1/2"]
[WhiteElo "2442"]
[BlackElo "2280"]
[EventDate "2010.03.06"]
[PlyCount "159"]

1.c4 e6 2.Nc3 Bb4 3.Qb3 Na6 4.a3 Be7 5.d4 Nf6 6.e4 O-O 7.Nf3 d6 8.Be2 c5 
9.d5 e5 10.h3 b6 11.Be3 Nc7 12.Qc2 h6 13.g4 Nh7 14.O-O-O a6 15.Rdg1 g5 16.
h4 f6 17.Nd2 Rf7 18.Nf1 Bf8 19.Ng3 Qe8 20.Kd2 b5 21.b3 Rb8 22.Ra1 Bd7 23.
Rhb1 a5 24.cxb5 Nxb5 25.Nxb5 Bxb5 26.h5 Rfb7 27.Bxb5 Rxb5 28.Ne2 Be7 29.
Nc3 R5b7 30.f3 Nf8 31.Ke2 Nd7 32.Bd2 Nb6 33.a4 Nc8 34.Nb5 Bd8 35.Bc3 Qd7 
36.Qd2 Ra8 37.Kd1 Ra6 38.Kc2 Na7 39.Na3 Nc8 40.Qd3 Ra8 41.Nc4 Rba7 42.Ne3 
Rb7 43.Bd2 Rab8 44.Qa6 Ra7 45.Qf1 Rab7 46.Rb2 Kh7 47.Qd3 Kg8 48.Raa2 Kh7 
49.Rb1 Qe8 50.Nc4 Ra8 51.Raa1 Kg7 52.Rf1 Kh8 53.Rab1 Qd7 54.Bc3 Rba7 55.
Ne3 Rb7 56.Bd2 Rab8 57.Rb2 Nb6 58.Bc3 c4 59.bxc4 Nxa4 60.Rxb7 Qxb7 61.Kd2 
Nc5 62.Qc2 a4 63.Ke2 Qa6 64.Rb1 Rb3 65.Rxb3 axb3 66.Qb2 Ba5 67.Bxa5 Qxa5 
68.Nd1 Qa2 69.Ke3 Na4 70.Qd2 b2 71.Qa5 Qb3+ 72.Kf2 Nb6 73.Nxb2 Qxb2+ 74.
Kg3 Kg8 75.Qa6 Kf8 76.Qb7 Qb4 77.Qb8+ Ke7 78.Qb7+ Kd8 79.Qb8+ Kd7 80.Qb7+ 
1/2-1/2

[Event "11th EUR-ch"]
[Site "Rijeka CRO"]
[Date "2010.03.12"]
[Round "7"]
[White "Azaladze, Shota"]
[Black "Veleski, Robert"]
[Result "1-0"]
[WhiteElo "2433"]
[BlackElo "2278"]
[EventDate "2010.03.06"]
[PlyCount "59"]

1.Nf3 Nf6 2.d4 d6 3.g3 g6 4.Bg2 Bg7 5.c4 O-O 6.Nc3 Nc6 7.O-O e5 8.d5 Ne7 
9.e4 Nh5 10.Ne1 Bd7 11.Nd3 f5 12.exf5 Bxf5 13.Ne4 Qd7 14.Bg5 Rf7 15.c5 
Raf8 16.Bxe7 Qxe7 17.Qb3 b6 18.cxd6 cxd6 19.Rae1 Bh6 20.Qa3 Nf6 21.Nxd6 
Bxd3 22.Nxf7 Qxa3 23.Nxh6+ Kg7 24.bxa3 Re8 25.f4 e4 26.g4 Nxd5 27.g5 Nc3 
28.Rf3 Rd8 29.Rf2 Rd4 30.f5 1-0

[Event "11th EUR-ch"]
[Site "Rijeka CRO"]
[Date "2010.03.12"]
[Round "7"]
[White "Cioara, Andrei-Nestor"]
[Black "Cucancic, Sinisa"]
[Result "1-0"]
[WhiteElo "2430"]
[BlackElo "2271"]
[EventDate "2010.03.06"]
[PlyCount "110"]

1.d4 d5 2.c4 dxc4 3.Nf3 a6 4.a4 Nf6 5.e3 Be6 6.Nbd2 Nc6 7.Ng5 Bf5 8.Bxc4 
e6 9.O-O Be7 10.Nb3 O-O 11.Qe2 Ne4 12.Nxe4 Bxe4 13.f3 Bg6 14.Rd1 Bb4 15.e4
Na5 16.Nxa5 Bxa5 17.Be3 Qe7 18.d5 exd5 19.Rxd5 Qb4 20.b3 c6 21.Rd4 Qe7 22.
Rad1 Rfd8 23.Rxd8+ Rxd8 24.Rxd8+ Qxd8 25.Qd3 Qe7 26.Qd4 h6 27.Qc5 Qd8 28.
Bd4 Kh7 29.Be2 Bc7 30.b4 Bd6 31.Qc3 f6 32.a5 Bf7 33.Bd3 Kh8 34.g3 Be5 35.
Bxe5 fxe5 36.Kf2 Qd6 37.Ke3 Kg8 38.Qc5 Qe6 39.Qa7 Qe7 40.Qc5 Qe6 41.h4 g5 
42.hxg5 hxg5 43.Be2 Qb3+ 44.Kf2 Qe6 45.Qa7 Qc8 46.Bf1 Kg7 47.Qc5 Qe6 48.
Kg1 Kg8 49.Qa7 Qc8 50.Kh2 Be6 51.Qc5 Qc7 52.Be2 Kf7 53.Kg2 Kg8 54.Bc4 Qd7 
55.Be2 Kf7 1-0

[Event "11th EUR-ch"]
[Site "Rijeka CRO"]
[Date "2010.03.12"]
[Round "7"]
[White "Bodiroga, Predrag"]
[Black "Feher, Adam"]
[Result "0-1"]
[WhiteElo "2422"]
[BlackElo "2260"]
[EventDate "2010.03.06"]
[PlyCount "106"]

1.d4 d5 2.Bf4 e6 3.e3 c5 4.c3 Nc6 5.Nf3 Nf6 6.Nbd2 Bd6 7.Bg3 Bxg3 8.hxg3 
Qd6 9.Qa4 Bd7 10.dxc5 Qxc5 11.Qf4 Qe7 12.Bb5 e5 13.Qg5 e4 14.Bxc6 bxc6 15.
Ne5 h6 16.Nxd7 Kxd7 17.Qf5+ Qe6 18.Qxe6+ fxe6 19.f3 Rab8 20.O-O-O exf3 21.
gxf3 Ke7 22.Rh4 Nd7 23.Ra4 Rb7 24.Kc2 Rf8 25.e4 Nb6 26.Rd4 Rd7 27.f4 g5 
28.fxg5 hxg5 29.exd5 cxd5 30.Rg4 Rf5 31.Rh1 Kd6 32.Rd4 Rf2 33.Kc1 Kc7 34.
Rh6 e5 35.Rd3 e4 36.Re3 Rdf7 37.c4 Rxd2 38.Kxd2 Nxc4+ 39.Ke2 Nxe3 40.Kxe3 
Rf3+ 41.Kd4 Rd3+ 42.Kc5 Kd7 43.Rh7+ Ke6 44.Rxa7 e3 45.Ra8 d4 46.Re8+ Kd7 
47.Re4 Rd2 48.a4 e2 49.a5 d3 50.a6 Rc2+ 51.Kb4 d2 52.a7 Rc8 53.Rd4+ Ke7 
0-1

[Event "11th EUR-ch"]
[Site "Rijeka CRO"]
[Date "2010.03.12"]
[Round "7"]
[White "Jakovljevic, Vlado"]
[Black "Papadakis, Michalis"]
[Result "1-0"]
[WhiteElo "2412"]
[BlackElo "2244"]
[EventDate "2010.03.06"]
[PlyCount "101"]

1.e4 c5 2.Nf3 d6 3.d4 cxd4 4.Nxd4 Nf6 5.Nc3 a6 6.Bg5 e6 7.f4 Be7 8.Qf3 Qc7
9.O-O-O Nbd7 10.g4 b5 11.Bxf6 Nxf6 12.g5 Nd7 13.f5 Bxg5+ 14.Kb1 Ne5 15.Qh5
Qd8 16.h4 Bf6 17.fxe6 O-O 18.Bh3 fxe6 19.Bxe6+ Kh8 20.Nd5 Nc4 21.Nc6 Qe8 
22.Qxe8 Rxe8 23.Nxf6 gxf6 24.Bxc4 bxc4 25.Rxd6 Bb7 26.Rxf6 Rxe4 27.Na5 Bd5
28.Rd6 Bf7 29.Nc6 Rae8 30.Kc1 c3 31.bxc3 Bxa2 32.Nd4 Bc4 33.h5 Re1+ 34.
Rxe1 Rxe1+ 35.Kb2 Rh1 36.h6 Kg8 37.Rc6 Bb5 38.Rc8+ Kf7 39.Rc7+ Kg8 40.Rc8+
Kf7 41.Rc7+ Kg8 42.c4 Be8 43.Rg7+ Kh8 44.Ra7 Kg8 45.Rxa6 Bg6 46.c5 Kf7 47.
c6 Ke7 48.c7 Kd7 49.Rc6 Kc8 50.Nb5 Bf5 51.Nd6+ 1-0

[Event "11th EUR-ch"]
[Site "Rijeka CRO"]
[Date "2010.03.12"]
[Round "7"]
[White "Malachi, Avraham"]
[Black "Reutsky, Sergei"]
[Result "0-1"]
[WhiteElo "2188"]
[BlackElo "2404"]
[EventDate "2010.03.06"]
[PlyCount "70"]

1.e4 e6 2.d3 d5 3.Nd2 c5 4.Ngf3 Nc6 5.g3 Nf6 6.Bg2 g6 7.O-O Bg7 8.Re1 O-O 
9.c3 a5 10.e5 Ng4 11.d4 cxd4 12.cxd4 f6 13.Bh3 h5 14.Bxg4 hxg4 15.Nh4 fxe5
16.Nxg6 Nxd4 17.Nxf8 Qxf8 18.b3 Qf5 19.Bb2 Nc2 20.Rc1 Nxe1 21.Qxe1 Bd7 22.
Rc7 Bc6 23.Rxg7+ Kxg7 24.Bxe5+ Kf7 25.Qe3 Rg8 26.Qd4 Rg5 27.Bd6 e5 28.Qb6 
Qd7 29.Qe3 Qf5 30.Qb6 Qe6 31.Qc7+ Kg6 32.Be7 Rf5 33.Qd8 d4 34.Nc4 Qd5 35.
Qxd5 Bxd5 0-1

[Event "11th EUR-ch"]
[Site "Rijeka CRO"]
[Date "2010.03.12"]
[Round "7"]
[White "Mihok, Oliver"]
[Black "Bakin, Alexander"]
[Result "1-0"]
[WhiteElo "2403"]
[BlackElo "2232"]
[EventDate "2010.03.06"]
[PlyCount "63"]

1.e4 c6 2.d4 d5 3.e5 Bf5 4.h4 h5 5.c4 e6 6.Nc3 Nd7 7.cxd5 cxd5 8.Bg5 Qb6 
9.Bb5 Be7 10.Rc1 Rd8 11.Qa4 Bxg5 12.hxg5 Ne7 13.Nge2 a6 14.Bxd7+ Rxd7 15.
Qa3 Nc6 16.Na4 Qb4+ 17.Qxb4 Nxb4 18.Nc5 Rc7 19.a3 Nc6 20.b4 Na7 21.Kd2 Kd8
22.f3 h4 23.g4 Bg6 24.Nf4 Ke7 25.Ncxe6 Rxc1 26.Rxc1 Nc6 27.Ke3 Kd7 28.Nxg7
Ne7 29.Ngh5 h3 30.Nf6+ Kd8 31.Rh1 h2 32.N4h5 1-0

[Event "11th EUR-ch"]
[Site "Rijeka CRO"]
[Date "2010.03.12"]
[Round "7"]
[White "Berkovich, Mark"]
[Black "Beletic, Daniel"]
[Result "1/2-1/2"]
[WhiteElo "2401"]
[BlackElo "2232"]
[EventDate "2010.03.06"]
[PlyCount "68"]

1.d4 Nf6 2.Nf3 g6 3.Bg5 Bg7 4.Nbd2 c5 5.dxc5 Qa5 6.c3 Qxc5 7.Bxf6 Bxf6 8.
Ne4 Qc6 9.Nxf6+ Qxf6 10.Qd4 Qxd4 11.cxd4 d6 12.e4 Bg4 13.Rc1 Nd7 14.Kd2 
Bxf3 15.gxf3 Kd8 16.h4 Rc8 17.Rxc8+ Kxc8 18.Bh3 Rd8 19.f4 Kb8 20.Bxd7 Rxd7
21.h5 Rd8 22.Ke3 Kc7 23.hxg6 hxg6 24.Rh7 Rf8 25.d5 Kd7 26.e5 e6 27.Ke4 Ke7
28.dxe6 Kxe6 29.exd6 Rd8 30.Rh6 Rxd6 31.f5+ Kf6 32.fxg6 fxg6 33.Rh7 Rb6 
34.b3 a5 1/2-1/2

[Event "11th EUR-ch"]
[Site "Rijeka CRO"]
[Date "2010.03.12"]
[Round "7"]
[White "Milonakis, Georgios"]
[Black "Hamitevici, Vladimir"]
[Result "0-1"]
[WhiteElo "2154"]
[BlackElo "2401"]
[EventDate "2010.03.06"]
[PlyCount "80"]

1.e4 c5 2.Nf3 d6 3.d4 cxd4 4.Nxd4 Nf6 5.Nc3 a6 6.f3 e5 7.Nb3 Be6 8.Be3 
Nbd7 9.Qd2 Qc7 10.g4 h6 11.h4 b5 12.O-O-O Nb6 13.Bxb6 Qxb6 14.Kb1 Be7 15.
Be2 Rc8 16.f4 b4 17.Nd5 Bxd5 18.exd5 Ne4 19.Qe1 Nf2 20.Bxa6 Rb8 21.Bb5+ 
Kf8 22.Bc6 Nxd1 23.Qxd1 exf4 24.Qd4 Qxd4 25.Nxd4 Bf6 26.Nf3 g6 27.Re1 g5 
28.h5 Kg7 29.Re4 Rhc8 30.c3 bxc3 31.b3 Rc7 32.Kc2 Kf8 33.a4 Re7 34.Rxe7 
Bxe7 35.Kxc3 Bd8 36.b4 Bb6 37.a5 Bf2 38.a6 f5 39.Nd4 fxg4 40.a7 Rc8 0-1

[Event "11th EUR-ch"]
[Site "Rijeka CRO"]
[Date "2010.03.12"]
[Round "7"]
[White "Firat, Burak"]
[Black "Tate, Alan"]
[Result "1-0"]
[WhiteElo "2398"]
[BlackElo "2215"]
[EventDate "2010.03.06"]
[PlyCount "83"]

1.e4 c5 2.Nf3 d6 3.d4 Nf6 4.Nc3 cxd4 5.Nxd4 a6 6.Bg5 e6 7.f4 Nc6 8.e5 h6 
9.Bh4 dxe5 10.Nxc6 Qxd1+ 11.Rxd1 bxc6 12.fxe5 Nd7 13.Ne4 Bb7 14.Bg3 c5 15.
Nd6+ Bxd6 16.Rxd6 Ke7 17.Kf2 Rhd8 18.Be2 c4 19.Rhd1 Bd5 20.Rd4 Rab8 21.b3 
cxb3 22.axb3 Nc5 23.Bf3 Bxf3 24.gxf3 Nb7 25.Rxd8 Nxd8 26.Ra4 Rc8 27.c4 Rb8
28.Ra3 a5 29.Ke3 Nc6 30.Be1 a4 31.bxa4 Nxe5 32.Kd4 Nd7 33.c5 Rb1 34.Bc3 
Nb8 35.Kc4 f6 36.Ra2 Nc6 37.Rd2 Rc1 38.Kb3 Rf1 39.Rd6 Nd8 40.Rd3 Rf2 41.a5
Nb7 42.Bb4 1-0

[Event "11th EUR-ch"]
[Site "Rijeka CRO"]
[Date "2010.03.12"]
[Round "7"]
[White "Welz, Peter"]
[Black "Sale, Srdjan"]
[Result "0-1"]
[WhiteElo "2148"]
[BlackElo "2396"]
[EventDate "2010.03.06"]
[PlyCount "124"]

1.e4 c5 2.c3 Nf6 3.d3 Nc6 4.f4 d6 5.Nf3 g6 6.g3 Bg7 7.Bg2 O-O 8.O-O Rb8 9.
a4 a6 10.h3 b5 11.axb5 axb5 12.g4 Bb7 13.Qe1 Ra8 14.Rxa8 Qxa8 15.Qh4 c4 
16.g5 Nh5 17.d4 Nb8 18.Nfd2 f5 19.gxf6 Bxf6 20.Qg4 Bc8 21.f5 Qa7 22.Na3 
Bd7 23.Nf3 Qb6 24.Nc2 Nc6 25.Ne3 Qa7 26.Kh1 Bg7 27.Ng5 Nf6 28.Qh4 h6 29.
Ne6 Bxe6 30.fxe6 Nd8 31.d5 Nh5 32.Nf5 Be5 33.Be3 Qxe3 34.Nxe3 Ng3+ 35.Qxg3
Bxg3 36.Ra1 Nb7 37.Ra7 Rb8 38.Kg1 Bf4 39.Kf2 Bg5 40.Ke2 Nc5 41.Nc2 Na4 42.
Nd4 Nxb2 43.Nc6 Re8 44.e5 Na4 45.exd6 Nxc3+ 46.Ke1 exd6 47.Rd7 Ra8 48.Rxd6
Ra2 49.Bh1 Ra1+ 50.Kf2 Rxh1 51.Rd7 Rd1 52.Nb4 Kf8 53.Kf3 Be7 54.Nc6 Rd3+ 
55.Kg2 Nxd5 56.Rb7 Nf4+ 57.Kf1 Rd1+ 58.Kf2 Bc5+ 59.Kf3 Nxe6 60.Ne5 c3 61.
Nxg6+ Ke8 62.Rb8+ Rd8 0-1

[Event "11th EUR-ch"]
[Site "Rijeka CRO"]
[Date "2010.03.12"]
[Round "7"]
[White "Schmidt, Raul"]
[Black "Pogosian, Vladimir"]
[Result "1-0"]
[WhiteElo "2387"]
[BlackElo "2204"]
[EventDate "2010.03.06"]
[PlyCount "63"]

1.Nf3 f5 2.c4 Nf6 3.g3 d6 4.d4 g6 5.Bg2 Bg7 6.b4 O-O 7.Bb2 Qe8 8.Qc2 Nc6 
9.b5 Nd8 10.Nbd2 a5 11.O-O b6 12.e4 f4 13.e5 Nh5 14.Rae1 Bf5 15.Qb3 a4 16.
Qa3 Ra7 17.d5 Bh6 18.Ne4 Bxe4 19.Rxe4 fxg3 20.hxg3 Nb7 21.Nd4 Nc5 22.Re2 
g5 23.Bh3 Bg7 24.Nc6 Rb7 25.Bd4 Kh8 26.Bxc5 bxc5 27.Qxa4 dxe5 28.Qc2 Nf6 
29.Rxe5 Qh5 30.Bf5 Kg8 31.g4 Qh6 32.Re6 1-0

[Event "11th EUR-ch"]
[Site "Rijeka CRO"]
[Date "2010.03.12"]
[Round "7"]
[White "Elkin, Leonid"]
[Black "Rasulov, Vugar Ural Oglu"]
[Result "0-1"]
[WhiteElo "2189"]
[BlackElo "2457"]
[EventDate "2010.03.06"]
[PlyCount "70"]

1.d4 Nf6 2.c4 c5 3.d5 b5 4.cxb5 a6 5.b6 d6 6.Nc3 g6 7.a4 Qxb6 8.a5 Qb4 9.
Ra4 Qb7 10.e4 Bg7 11.Nf3 O-O 12.Bc4 Bd7 13.Ra3 Bb5 14.Nd2 Nbd7 15.f4 Nh5 
16.O-O Bxc4 17.Nxc4 Rab8 18.Qe2 Qc7 19.Kh1 Rb4 20.e5 dxe5 21.d6 Qc6 22.
dxe7 Re8 23.Qd3 Qe6 24.Nxe5 Nxe5 25.fxe5 Bxe5 26.Qd8 Rb8 27.Qd5 Qxe7 28.
Na4 Rbd8 29.Qc4 Rd4 30.Qxc5 Qxc5 31.Nxc5 Bd6 32.Rc3 Rh4 33.Bg5 Rxh2+ 34.
Kg1 Re2 35.Rf2 Re1+ 0-1

[Event "11th EUR-ch"]
[Site "Rijeka CRO"]
[Date "2010.03.12"]
[Round "7"]
[White "Zueger, Beat"]
[Black "Barlocco, Carlo"]
[Result "1-0"]
[WhiteElo "2425"]
[BlackElo "2173"]
[EventDate "2010.03.06"]
[PlyCount "49"]

1.c4 Nf6 2.g3 Nc6 3.Bg2 d5 4.cxd5 Nxd5 5.Nc3 Nxc3 6.bxc3 e5 7.Rb1 Bc5 8.
Qa4 Qf6 9.Nf3 O-O 10.O-O Re8 11.d4 exd4 12.cxd4 Bb6 13.d5 Bf5 14.Bb2 Qe7 
15.dxc6 Bxb1 16.cxb7 Rad8 17.Rxb1 Qxe2 18.Bd4 Qe4 19.Re1 Qxe1+ 20.Nxe1 
Rxe1+ 21.Bf1 Re4 22.Qd7 Ree8 23.b8=Q Rxb8 24.Bc3 Re6 25.Bc4 1-0

[Event "11th EUR-ch"]
[Site "Rijeka CRO"]
[Date "2010.03.12"]
[Round "7"]
[White "Sikanjic, Bojan"]
[Black "Malakhov, Igor"]
[Result "1/2-1/2"]
[WhiteElo "2170"]
[BlackElo "2425"]
[EventDate "2010.03.06"]
[PlyCount "51"]

1.c4 f5 2.Nf3 Nf6 3.g3 g6 4.Bg2 Bg7 5.O-O O-O 6.Nc3 d6 7.d4 Nc6 8.d5 Na5 
9.Nd2 c5 10.dxc6 Nxc6 11.Nb3 Be6 12.Nd5 Nd7 13.Nf4 Bxc4 14.Bd5+ Bxd5 15.
Qxd5+ Rf7 16.Ne6 Nb6 17.Nxd8 Nxd5 18.Nxf7 Kxf7 19.Rb1 a5 20.Rd1 Nb6 21.Nd2
Na4 22.Nf3 h6 23.h4 Rc8 24.Ne1 b5 25.Nd3 e5 26.Ne1 1/2-1/2

[Event "11th EUR-ch"]
[Site "Rijeka CRO"]
[Date "2010.03.12"]
[Round "7"]
[White "Jacobsen, Bo"]
[Black "Demel, Paul"]
[Result "0-1"]
[WhiteElo "2375"]
[BlackElo "2155"]
[EventDate "2010.03.06"]
[PlyCount "90"]

1.c4 e5 2.g3 Nf6 3.Bg2 Nc6 4.Nc3 Bc5 5.Nf3 d6 6.d3 h6 7.O-O a6 8.e3 O-O 9.
a3 Rb8 10.b4 Ba7 11.Bb2 b5 12.Rc1 Ne7 13.Qc2 c5 14.Rfd1 Bf5 15.Nd5 Nexd5 
16.cxd5 c4 17.Ne1 Rc8 18.e4 Bg4 19.Rd2 Qd7 20.Bc3 Nh7 21.d4 Rce8 22.dxe5 
dxe5 23.Qb2 f5 24.Bxe5 fxe4 25.Bxe4 Ng5 26.Bg2 Qe7 27.h4 Qxe5 28.Qxe5 Rxe5
29.hxg5 Rxg5 30.a4 Rgf5 31.axb5 axb5 32.Be4 Rxf2 33.Rxf2 Rxf2 34.Kh1 Re2 
35.Bg2 Bf2 36.Nc2 Bxg3 37.d6 Bxd6 38.Nd4 Re5 39.Bc6 Bxb4 40.Bxb5 c3 41.
Bc4+ Kh7 42.Rb1 Bc5 43.Bd3+ g6 44.Nc2 Bf3+ 45.Kh2 Bf2 0-1

[Event "11th EUR-ch"]
[Site "Rijeka CRO"]
[Date "2010.03.12"]
[Round "7"]
[White "Bentivegna, Francesco"]
[Black "Astengo, Corrado"]
[Result "1-0"]
[WhiteElo "2361"]
[BlackElo "2136"]
[EventDate "2010.03.06"]
[PlyCount "53"]

1.e4 c5 2.c3 d5 3.exd5 Qxd5 4.d4 Nf6 5.Nf3 Bg4 6.Nbd2 e6 7.Qa4+ Nc6 8.Bc4 
Qd6 9.Bb5 Bxf3 10.Nxf3 Be7 11.dxc5 Qxc5 12.Be3 Qd6 13.Rd1 Qc7 14.Nd4 O-O 
15.Bxc6 bxc6 16.Qxc6 Qa5 17.Qb7 Rab8 18.Qxe7 Qa6 19.Qa3 Qc4 20.Ne2 Rfd8 
21.Rxd8+ Rxd8 22.b3 Qd3 23.Qc1 Ng4 24.h3 Ne5 25.f4 Ng6 26.Qd2 Qb1+ 27.Kf2 
1-0

[Event "11th EUR-ch"]
[Site "Rijeka CRO"]
[Date "2010.03.12"]
[Round "7"]
[White "Onoprienko, Vladimir"]
[Black "Chubar, Vladimir"]
[Result "1-0"]
[WhiteElo "2346"]
[BlackElo "2114"]
[EventDate "2010.03.06"]
[PlyCount "91"]

1.e4 e6 2.Nf3 d5 3.Nc3 dxe4 4.Nxe4 Bd7 5.d4 Bc6 6.Bd3 Be7 7.Qe2 Nf6 8.
Nxf6+ Bxf6 9.c3 Nd7 10.Bf4 O-O 11.O-O-O Nb6 12.h4 Bxf3 13.Qxf3 Nd5 14.Bd2 
c5 15.dxc5 Qa5 16.Kb1 Qxc5 17.Be4 Rfd8 18.g4 Rac8 19.g5 Be5 20.h5 g6 21.
hxg6 hxg6 22.Rh7 Nf4 23.Rh4 Nh5 24.Be3 Qb5 25.Rxd8+ Rxd8 26.Bc1 Rc8 27.Bd3
Qd7 28.Bc2 b5 29.Qe2 Bg7 30.Rb4 a6 31.a4 Bf8 32.Rd4 Qb7 33.Be4 Qb6 34.a5 
Qc7 35.Qd3 Nf4 36.Bxf4 Qxf4 37.Bb7 Qb8 38.Bxc8 Qxc8 39.Rd8 Qc6 40.f3 Qc5 
41.f4 Qc6 42.Qd4 Qc7 43.Ra8 Qc6 44.Rb8 Qc7 45.Qd8 Qc5 46.Rc8 1-0

[Event "11th EUR-ch"]
[Site "Rijeka CRO"]
[Date "2010.03.12"]
[Round "7"]
[White "Bohnisch, Manfred"]
[Black "Neagos, Raul-Alexandru"]
[Result "1-0"]
[WhiteElo "2316"]
[BlackElo "2100"]
[EventDate "2010.03.06"]
[PlyCount "65"]

1.e4 c5 2.Nf3 d6 3.c3 Nf6 4.Bd3 b6 5.O-O Bb7 6.Re1 Nbd7 7.Bc2 Qc7 8.d4 e5 
9.a4 Be7 10.Na3 a6 11.Bg5 O-O 12.Nh4 Nd5 13.Bc1 Bxh4 14.exd5 Bf6 15.dxe5 
dxe5 16.Nc4 b5 17.Ne3 g6 18.Be4 Qd6 19.c4 Bg7 20.axb5 axb5 21.Rxa8 Rxa8 
22.b3 f5 23.Bxf5 gxf5 24.Nxf5 Qf8 25.Nxg7 Qxg7 26.Bb2 Rf8 27.Re4 Rf5 28.f4
Nf6 29.Bxe5 Qg4 30.Re2 Qh5 31.h3 Kg7 32.Bxf6+ Rxf6 33.Re7+ 1-0